000 00455pab a2200169 454500
008 180718b2015 xxu||||| |||| 00| 0 eng d
100 _aMani, Sunil
245 _aDiffusion of broadband internet in India: trends, determinants and challenges
260 _c2015
300 _ap.54-62.
362 _a19 Dec
650 _aInternet - India
650 _aInternet
700 _aSridhar, V.
773 _aEconomic and Political Weekly
909 _a109750
999 _c109745
_d109745